000 00752nam a2200253Ia 4500
003 OSt
005 20220925204908.0
006 a|||||r|||| 00| 0
007 ta
008 220923b |||||||| |||| 00| 0 eng d
037 _cGeneral Book
040 _aRTL
_cRTL
_beng
041 _2eng
_aeng
082 _aW81.46.N7, L0
100 _aKoury Evner M
_9269219
245 0 _aPatterns of mass movemnts in Arab revolution-progr
260 _aHague
_bMouton
_c1970
300 _a308p
_ccm.
490 _aStudies in the Social Sciences. Ed by C A O Wan Nienwenhuijze; 9
500 _aBibliography: P 294-303
650 _aRevolution
_9230303
942 _hW81.46.N7, L0
_cGB
_2CC
999 _c550703
_d550703